logo

Bir Sreshtho Munshi Abdur Rouf Library
Jhenaidah Cadet College

The unfinished nation : (Record no. 7349)

MARC details
000 -LEADER
fixed length control field 00888cam a2200289 i 4500
001 - CONTROL NUMBER
JCCL Control Number 7349
003 - CONTROL NUMBER IDENTIFIER
JCCL marc code BD - JhCC
005 - DATE AND TIME OF LATEST TRANSACTION
control field 20180422084848.0
008 - FIXED-LENGTH DATA ELEMENTS--GENERAL INFORMATION
fixed length control field 130909s2004 mauab b 001 0 eng
020 ## - INTERNATIONAL STANDARD BOOK NUMBER
International Standard Book Number 0072565624 (v.1)
020 ## - INTERNATIONAL STANDARD BOOK NUMBER
International Standard Book Number 9780072565638 (v.2)
020 ## - INTERNATIONAL STANDARD BOOK NUMBER
International Standard Book Number 0072565632 (v.2)
035 ## - SYSTEM CONTROL NUMBER
system control number (BD-JhCC)7349
040 ## - CATALOGING SOURCE
Original cataloging agency UkOxU
Description conventions rda
Transcribing agency UkOxU
Modifying agency BD-JhCC
041 ## - LANGUAGE CODE
Language code of Book eng
082 ## - DEWEY DECIMAL CLASSIFICATION NUMBER
Author mark and Year BRI 2004
Classification number 973
100 1# - MAIN ENTRY--PERSONAL NAME
Personal name Brinkley, Alan,
245 14 - TITLE STATEMENT
Title The unfinished nation :
Remainder of title a concise history of the American people /
Statement of responsibility, etc Alan Brinkley.
250 ## - EDITION STATEMENT
Edition statement 4th edition.
260 ## - PUBLICATION, DISTRIBUTION, ETC. (IMPRINT)
Place of publication, distribution, etc Boston :
Name of publisher, distributor, etc McGraw Hill ;
Date of publication, distribution, etc 2004.
300 ## - PHYSICAL DESCRIPTION
Pagination 2 volumes (948 pages) :
Other physical details illustrations, colour maps ;
Dimensions 23 cm
504 ## - BIBLIOGRAPHY, ETC. NOTE
Bibliography, etc Includes bibliographical references and index.
505 0# - FORMATTED CONTENTS NOTE
Formatted contents note v. 1. To 1877 -- v. 2. From 1865.
651 #0 - SUBJECT ADDED ENTRY--GEOGRAPHIC NAME
Geographic name United States
General subdivision History.
942 ## - ADDED ENTRY ELEMENTS (KOHA)
Source of classification or shelving scheme Dewey Decimal Classification
Koha item type Books
Holdings
Source of classification or shelving scheme Damaged status Not for loan Home library Current library Shelving location Date of accession Total Checkouts Full call number Barcode Date last seen Date checked out Copy number Koha item type
Dewey Decimal Classification     JCC Rouf Library JCC Rouf Library General Stacks 12/11/2024 1 973 BRI 2004 9987 04/16/2025 12/11/2024 C - 1 Books

JCC Library | Contacts | JCC Home

Last Update on 23 September 2017
Copyright @ 2017-2020 JCC Rouf Library
Rouf Library, Jhenidah Cadet College (JCC), Bangladesh